Dve výstavy obrazov v Trenčianskych Tepliciach

Správa o výstave obrazov maliara O. Čílu v Trenčianskych Tepliciach (bližšie neuvedené) a o bližšie neurčenej výstave, ktorú usporiadal nemecký závod Ročák Praha

Bibliographic Details
Format: Article
Language:Slovak
Subjects:

MARC

LEADER 00000nab a22000001a 4500
001 vtls008997947
003 SK-MaSNL
005 20260303065825.0
008 070611d19370803xo |r|p|||| |000 b|slo
015 |a SNBRRBVU1918-1938 
038 |a SNKBUCL 
038 |a SNKBUVU 
040 |a SNKBUVU  |b slo  |c SNKBUCL  |e AACR2 
041 0 |a slo 
044 |a xo  |c SK 
080 |a 75.071.1:061.4  |2 1997 
245 0 0 |a Dve výstavy obrazov v Trenčianskych Tepliciach 
500 |a V rubrike Kultúra 
520 |a Správa o výstave obrazov maliara O. Čílu v Trenčianskych Tepliciach (bližšie neuvedené) a o bližšie neurčenej výstave, ktorú usporiadal nemecký závod Ročák Praha 
600 1 7 |a Číla, Otakar  |d 1984-1977  |2 MM  |9 1066401 
648 7 |a 1937  |2 MM  |9 309326 
650 0 7 |a české maliarstvo  |2 MM  |9 3112 
650 0 7 |a výstavy  |2 snkbucl  |9 2780 
651 7 |a Trenčianske Teplice (Slovensko)  |2 MM  |9 14503 
773 0 |t Národnie noviny  |g Roč. 68, č. 89 (3.8.1937), s. 3 
852 |a SNK  |b KIS3GCP 
910 |a snkrbvumm 
958 |a VY 
958 |a CZ 
999 |c 1752881  |d 1754811